Welcome to the Holygrace Academy Library

Please use search bar below to get started

GANDHI,NEHRU,TAGORE AND AMBEDKAR (Record no. 4165)

MARC details
000 -LEADER
fixed length control field 00278nam a22001217a 4500
082 ## - DEWEY DECIMAL CLASSIFICATION NUMBER
Classification number 494
Item number CHA/G
100 ## - MAIN ENTRY--AUTHOR NAME
Personal name CHADHURVEDHI, M. O
245 ## - TITLE STATEMENT
Title GANDHI,NEHRU,TAGORE AND AMBEDKAR
260 ## - PUBLICATION, DISTRIBUTION, ETC. (IMPRINT)
Place of publication ILAHABAD
Name of publisher VOHRA PUBLISHERS
300 ## - PHYSICAL DESCRIPTION
Number of Pages 143
650 ## - SUBJECT ADDED ENTRY--TOPICAL TERM
Topical Term ESSAY
Geographic subdivision ILAHABAD
942 ## - ADDED ENTRY ELEMENTS (KOHA)
Koha item type Books
Holdings
Withdrawn status Lost status Collection code Home library Current library Shelving location Date acquired Source of acquisition Full call number Accession Number Koha item type
    Non-fiction Main Library Main Library   08/11/2016 PURCHASE 494 CHA/G 09874 Books